| 000 | 01623cam a22004334i 4500 | ||
|---|---|---|---|
| 003 | PE-LiUPU | ||
| 005 | 20250731173506.0 | ||
| 008 | 150616s r 000 0 d | ||
| 035 | _a(Sirsi) a7062 | ||
| 040 |
_aPE-LiUPU _bspa _cPE-LiUPU _erda |
||
| 049 | _aPRUA | ||
| 082 | 0 | 4 |
_a270.82 _bW43 _221 |
| 100 | 1 |
_aWelter, Gustave, _d1877-19., _eautor. |
|
| 245 | 1 | 0 |
_aHistoire des sectes chrétiennes, des origines à nos jours : _bLes grandes hérésies des premiers siècles ; les sectes hérétiques du Moyen-âge ; les sectes évangéliques d'avant la Réforme ; les sectes protestantes ; dissidences catholiques des temps modernes ; les sectes russes / _cGustave Welter. |
| 264 | 1 |
_aParis : _bPayot, _c1950. |
|
| 300 |
_a272 páginas : _bilustraciones |
||
| 336 |
_atext _2rdacontent |
||
| 337 |
_aunmediated _2rdamedia |
||
| 338 |
_avolume _2rdacarrier |
||
| 526 | _aSEG42 | ||
| 526 | _aSEG41 | ||
| 526 | _aSEG40 | ||
| 526 | _aSEG39 | ||
| 526 | _aP94 | ||
| 526 | _aP87 | ||
| 526 | _aP86 | ||
| 526 | _aP85 | ||
| 526 | _aP77 | ||
| 526 | _aP76 | ||
| 526 | _aP35 | ||
| 650 | 0 | 4 |
_aIglesias cristianas _xHistoria. |
| 910 |
_ajck _bjvq _cjck |
||
| 942 |
_2ddc _cBOOK |
||
| 949 |
_a270.82 W43 _wDEWEY _c1 _i54432 _lCCODEBUL1 _mBUL _p00.00 _r0 _sY _tBOOK _u2015-04-23 _xBIBLIOTECA _zUNKNOWN _0COMPRA _o.STAFF. Colección General |
||
| 994 |
_aC0 _bPEPRU |
||
| 596 | _a1 | ||
| 999 |
_a270.82 W43 _wDEWEY _c58264 _i54432 _f2021-11-12 _g5 _lCCODEBUL1 _mBUL _r0 _sY _tBOOK _u2015-4-23 _xTEOLOGIA _zUNKNOWN _0COMPRA _o.STAFF. Colección General _d58264 |
||
| 980 |
_81 _gALBERTO SANCHEZ Responsable de Automatización |
||